Arqueología computacional del territorio. Métodos y técnicas para estudiar decisiones humanas en paisajes pretéritos

محفوظ في:

المؤلف الرئيسي: Miguel Carrero-Pazos

التنسيق: كتاب

اللغة: Undetermined

الوصول للمادة أونلاين: Login to view Source

الوسوم: إضافة وسم

لا توجد وسوم, كن أول من يضع وسما على هذه التسجيلة!

رقم الطلب:

LEADER 00533nmm a2200133Ia 4500
008 240716s9999||||xx |||||||||||||||||und||
020 |a 9781803276328 
020 |a 9781803276335 
100 |a Miguel Carrero-Pazos 
245 1 0 |a Arqueología computacional del territorio. Métodos y técnicas para estudiar decisiones humanas en paisajes pretéritos  |c Miguel Carrero-Pazos 
264 |b Archaeopress Archaeology  |c 26-أكتوبر-23 
856 4 0 |u http://library.arce.org:8087/Archaeopress/Products/9781803276328 
942 |2 lcc  |c EBOOK 
999 |c 58998  |d 58998